Hydrology And Watershed Management-II- Volume-II (Record no. 14290)
[ view plain ]
| 000 -LEADER | |
|---|---|
| fixed length control field | 00480nam a22001817a 4500 |
| 003 - CONTROL NUMBER IDENTIFIER | |
| control field | OSt |
| 008 - FIXED-LENGTH DATA ELEMENTS--GENERAL INFORMATION | |
| fixed length control field | 241111b |||||||| |||| 00| 0 eng d |
| 020 ## - INTERNATIONAL STANDARD BOOK NUMBER | |
| ISBN | 8178001381 |
| 082 ## - DEWEY DECIMAL CLASSIFICATION NUMBER | |
| Classification number | 551.49 |
| Item number | VEN/HY |
| 245 ## - TITLE STATEMENT | |
| Title | Hydrology And Watershed Management-II- Volume-II |
| 260 ## - PUBLICATION, DISTRIBUTION, ETC. (IMPRINT) | |
| Place of publication | Hyderabad |
| Name of publisher | BS Publications |
| Year of publication | 2007 |
| 300 ## - PHYSICAL DESCRIPTION | |
| Number of Pages | 743 |
| 700 ## - ADDED ENTRY--PERSONAL NAME | |
| Personal name | Venkateswara Rao,B |
| 700 ## - ADDED ENTRY--PERSONAL NAME | |
| Personal name | Jagmohan Das,G |
| 700 ## - ADDED ENTRY--PERSONAL NAME | |
| Personal name | Sarala,C |
| 700 ## - ADDED ENTRY--PERSONAL NAME | |
| Personal name | Giridhar,M.V.S.S |
| 942 ## - ADDED ENTRY ELEMENTS (KOHA) | |
| Koha item type | Books |
| Withdrawn status | Lost status | Damaged status | Collection code | Home library | Current library | Shelving location | Date acquired | Source of acquisition | Cost, normal purchase price | Full call number | Accession Number | Koha item type |
|---|---|---|---|---|---|---|---|---|---|---|---|---|
| KAUAET | KAUAET | Shelf- 4A | 14/06/2016 | Cosmo Book House, Calicut | 2250.00 | 551.49 VEN/HY | 24341 | Books | ||||
| KAUAET | KAUAET | Shelf- 4A | 14/06/2016 | Cosmo Book House, Calicut | 2250.00 | 551.49 VEN/HY | 24342 | Books |
